00573 2200205 4500001002100000005001700021008004100038035002400079082001000103090002000113110003700133245005500170260005100225300002400276650002000300850001200320980001500332985000600347999001400353YOGYA-0209000005066620090227032546.0 ind  0010-020900000050666 a736.5 a736.5bInd.PlT aINDONESIA Departemen Penerbangan aPurna pugar Candi BorobudurcDepartemen Penerangan aJakartabIndonesia Departemen Peneranganc1983 a97 hlmbilusc21 cm aCandi Borobudur aYOPDYOG a02-01-2008 a1 aa00004342